| 000 | 00903nac a22002411u 4500 | ||
|---|---|---|---|
| 010 | _a 2005045344 | ||
| 020 | _a0321278844 | ||
| 022 | _a03211154x (International ed.) | ||
| 082 | 0 | 0 |
_a337 _bK943 |
| 090 |
_c4875 _d4875 |
||
| 100 | _aKrugman, Paul R. | ||
| 245 | 1 | 0 |
_aInternational economics : _btheory and policy / _cPaul R. Krugman, Maurice Obstfeld. |
| 250 |
_a7th ed. _bIntrnational Edition. |
||
| 260 |
_aBoston, MA : _bAddison-Wesley, _c2006. |
||
| 300 |
_axxvii, 680 p. : _bill. (some col.) ; _c26 cm. |
||
| 440 | 4 | _aThe Addison-Wesley series in economics | |
| 504 | _aIncludes bibliographical references and index. | ||
| 650 | 0 | _aInternational economic relations. | |
| 650 | 0 | _aInternational finance. | |
| 700 | 1 | _aObstfeld, Maurice. | |
| 942 |
_cTB _k337K943 |
||
| 999 |
_c4875 _d4875 |
||